Singers by Birthplace - Statistics

General Stats
  • This quiz has been taken 19 times
    18 since last reset
  • The average score is 8 of 15
Answer Stats
Question Answer % Correct
Shakira Barranquilla, Colombia
80%
Lady Gaga New York City, New York
80%
Taylor Swift West Reading, Pennsylvania
67%
Bruno Mars Honolulu, Hawaii
60%
Billie Eilish Los Angeles, California
60%
The Weeknd Toronto, Ontario
60%
Elvis Presley Tupelo, Mississippi
60%
Ariana Grande Boca Raton, Florida
53%
Adele London, England
53%
Selena Gomez Grand Prarie, Texas
40%
Justin Beiber London, Ontario
40%
Harry Styles Redditch, England
40%
Britney Spears McComb, Mississippi
33%
Lorde Takapuna, New Zealand
33%
Shawn Mendes Toronto, Ontario
33%
No matching quizzes found
Score Distribution
Percent of People with Each Score
Percentile by Number Answered
Your Score History
You have not taken this quiz since the last reset